| 000 | 00977nam a22002177a 4500 | ||
|---|---|---|---|
| 999 |
_c27556 _d27556 |
||
| 003 | BDDh-ASL | ||
| 005 | 20231016062615.0 | ||
| 008 | 201031s2019 b ||||| |||| 00| 0 b d | ||
| 040 |
_aBDDh-ASL _cBDDh-ASL |
||
| 041 | _aben | ||
| 082 |
_a920.71 _bSIA |
||
| 100 | 1 |
_91695 _aসিদ্দিকী, জহুরুল আলম |
|
| 245 | 1 | 0 | _aঅন্তরঙ্গ আলোকে আচার্য প্রফুল্লচন্দ্র রায় / |
| 246 | _aAntorongo Alokey Acharyo Profullachandra Ray | ||
| 260 |
_aঢাকা : _bজাতীয় সাহিত্য প্রকাশ, _c২০১৯। |
||
| 300 |
_a৪১৬ পৃষ্ঠা, : _c২২ সে. মি. |
||
| 504 | _aগ্রন্থপঞ্জি সংযুক্ত । | ||
| 600 | 1 | 0 |
_95737 _aরায়, আচার্য প্রফুল্লচন্দ্র |
| 650 | 0 |
_abiographical dictionary - চরিতাভিধান _94665 |
|
| 942 |
_2ddc _cBK |
||